| 000 | 00702nam a2200217 a 4500 | ||
|---|---|---|---|
| 001 | BRCA_3793 | ||
| 005 | 20190320204427.0 | ||
| 008 | 151109s1949----mx-#---###---#000-0#spa-# | ||
| 041 | _aspa | ||
| 044 | _amx | ||
| 050 | 4 |
_aBX1740 _p.L53 _c1949 |
|
| 245 | 1 | 0 |
_aLibro primero de votos de la Inquisición en México, 1573-1600 _cArchivo General de la Nación, Universidad Nacional Autónoma de México. |
| 260 |
_aMéxico _bImp. Universitaria _c1949 |
||
| 300 |
_a310 p. _c21 cm. |
||
| 500 | _aB152 | ||
| 610 | 2 | 4 |
_aArchivo General de la Nación (México) _99882 |
| 650 | 1 | 4 |
_aInquisición _eMéxico. _99883 |
| 710 | 2 |
_aUniversidad Nacional Autónoma de México _99884 |
|
| 902 | _aGFM | ||
| 942 |
_2lcc _cB |
||
| 999 |
_c3522 _d3522 |
||